Maquiavelo : ¿nuestro contemporáneo? /

Guardado en:
Autor Principal: Prezzolini, Giuseppe.
Otros Autores: O. L. M. S., (trad.)
Formato: Libro
Idioma:Undetermined
Publicado: Santiago de Chile : Pomaire, 1968.
Edición:1a. ed.
Materias:
Etiquetas: Agregar Etiqueta
Sin Etiquetas, Sea el primero en etiquetar este registro!
LEADER 00513nam a22001575a 4500
001 DER.der015147
008 250221s1968####xx############000#0#und#d
005 20250221084627.0
245 1 0 |a Maquiavelo :  |b ¿nuestro contemporáneo? /  |c Giuseppe Prezzolini ; traducido por O. L. M. S. 
250 |a 1a. ed. 
260 |a Santiago de Chile :  |b Pomaire,  |c 1968. 
300 |a 364 p. 
100 1 |a Prezzolini, Giuseppe. 
700 1 |a O. L. M. S.,  |e trad. 
650 7 |a FILOSOFIA DEL DERECHO 
859 |a DERECHO  |b BIB. DERECHO  |h 342.01  |i PRE  |p 0010548